| 000 | 00344nam a22001337a 4500 | ||
|---|---|---|---|
| 005 | 20250616132706.0 | ||
| 008 | 250616b |||||||| |||| 00| 0 eng d | ||
| 050 |
_aBS478 _bFAI |
||
| 100 | _aFAIRBAIRE PATRICK | ||
| 245 | _aTHE TYPOLOGY OF SCRIPTURE | ||
| 260 |
_aMICHIGAN _bZONDERVAN PUBLISHING HOUSE |
||
| 300 | _avii, 484p | ||
| 942 |
_2lcc _cBK _n0 |
||
| 999 |
_c6519 _d6519 |
||